000 00635nam a2200193Ia 4500
008 090123s9999 xx 000 0 und d
082 _b24528
100 _aफ्रँक बर्नोड
245 _aबिस्मार्कची शिकार
250 _a1
260 _bमेहता प्रकाशन
300 _a89
600 _aफ्रँक बर्नोड
630 _aबिस्मार्कची शिकार
700 _aफ्रँक बर्नोड
700 _aभावे अनंत
730 _aबिस्मार्कची शिकार
942 _cBOOK
999 _c62599
_d62599